000
00343nam a2200145Ia 4500
100
_a
Joshi/D.G/ Rao/P.C
650
_a
Electrical Engineering
942
_c
BK
654
_a
Electronic Materials
245
_a
Electronic Materials & Components
260
_b
Nirali prakashan
_a
Pune
_c
1991
300
_a
288
546
_a
ENGLISH
999
_c
26187
_d
26187